00418nam a2200145 4500003000900000005001700009008004100026020002700067040001300094082001900107100002100126245005900147260004900206650001700255SEACOMEC20240522152901.0240522b |||||||| |||| 00| 0 eng d a 0195684516cRs.305.00 aSEACOMEC a621.3191bN152 aNagsarkar, T. K.1 aPower system analysiscT. K. Nagsarka and M. S Sukhija a New Delhib Oxford University Pressc 2007. aPower System